Carregant...

KERALA - THE LAND OF DEVELOPMENT PARADOXES

Dades bibliogràfiques
Autor principal: K.K.George and N.Ajith Kumar
Format: Printed Book
Publicat: CSES Working Paper No.2 1997
Matèries:
Accés en línia:http://10.26.1.76/ks/003030.pdf
LEADER 004150000a22001330004500
100 |a K.K.George and N.Ajith Kumar 
245 |a KERALA - THE LAND OF DEVELOPMENT PARADOXES 
260 |c 1997 
260 |b CSES Working Paper No.2 
650 |a KERALA GENERAL OUTLINE 
856 |u http://10.26.1.76/ks/003030.pdf 
942 |c KS 
999 |c 72418  |d 72418 
952 |0 0  |1 0  |4 0  |7 0  |9 64382  |a MGUL  |b MGUL  |d 2015-08-01  |l 0  |r 2015-08-01  |w 2015-08-01  |y KS